| 000 | nam a22 7a 4500 | ||
|---|---|---|---|
| 999 |
_c64711 _d64711 |
||
| 005 | 20220803164858.0 | ||
| 008 | 220802b xxu||||| |||| 00| 0 eng d | ||
| 040 | _aANE | ||
| 041 | _aEs | ||
| 245 | _aDemocracia y Representación | ||
| 300 | _a23 p. | ||
| 856 | _uhttp://documentacion.asambleanacional.gob.ec/alfresco/d/d/workspace/SpacesStore/5a686eda-28d9-4899-aa6c-2e7db4da8b55/Democracia%20y%20Representaci%c3%b3n.pdf | ||
| 942 |
_2ddc _cBV _zNr. |
||